| 000 | 00645nam a2200241Ia 4500 | ||
|---|---|---|---|
| 003 | OSt | ||
| 005 | 20220918210811.0 | ||
| 006 | a|||||r|||| 00| 0 | ||
| 007 | ta | ||
| 008 | 220917b |||||||| |||| 00| 0 eng d | ||
| 024 | _a122,101 | ||
| 037 | _cTextual | ||
| 040 |
_aARTS _cARTS _beng |
||
| 041 |
_2eng _aeng |
||
| 082 | _aWxL12, L8 | ||
| 100 |
_aVolpe Galvano Della _981757 |
||
| 245 | 0 | _aRousseau and Marx tr by John Fraser | |
| 260 |
_aLondon _bLawrence and Winhart _c1978 |
||
| 300 |
_a206p. _ccm. |
||
| 650 | _aPOLITICAL SCIENCE | ||
| 942 |
_hWxL12, L8 _cTEXL _2CC |
||
| 999 |
_c245293 _d245293 |
||